[Event "Oberliga Baden 0910"]
[Site "Germany"]
[Date "2010.02.28"]
[Round "7.2"]
[White "Gasthofer, Alexander"]
[Black "Siegel, Georg"]
[Result "0-1"]
[WhiteElo "2458"]
[BlackElo "2298"]
[PlyCount "74"]
[EventDate "2009.10.18"]
[EventType "team-tourn"]
[EventRounds "9"]
[EventCountry "GER"]
[SourceTitle "EXT 2011"]
[Source "ChessBase"]
[SourceDate "2010.11.26"]
[SourceVersion "1"]
[SourceVersionDate "2010.11.26"]
[SourceQuality "1"]
[WhiteTeam "Hockenheim"]
[BlackTeam "Zaehringen"]
[WhiteTeamCountry "GER"]
[BlackTeamCountry "GER"]

1. Nf3 Nf6 2. g3 d5 3. Bg2 c6 4. 0-0 Bf5 5. d3 h6 6. Nbd2 e6 7. Qe1 Be7 8. e4 Bh7 9. Ne5 0-0 10. f4 Nbd7 11. Nxd7 Qxd7 12. Qe2 a5 13. a4 Qc7 14. Kh1 Nd7 15. g4 Nc5 16. b3 Rad8 17. Bb2 Rfe8 18. e5 Bf8 19. Nf3 b5 20. Nd4 Rb8 21. Bc3 bxa4 22. bxa4 Na6 23. Rab1 Nb4 24. f5 exf5 25. Nxf5 c5 26. Bxb4 Rxb4 27. Rxb4 cxb4 28. d4 Qd7 29. Qb5 Rd8 30. Qxa5 h5 31. Ne3 hxg4 32. Bxd5 Bg6 33. e6 Qe7 34. Rxf7 Bxf7 35. exf7+ Kh7 36. Be4+ Qxe4+ 37. Ng2 Rd5 0-1

[Event "Oberliga Baden 0910"]
[Site "Germany"]
[Date "2010.02.07"]
[Round "6.2"]
[White "Siegel, Georg"]
[Black "Eisenbeiser, Amadeus"]
[Result "0-1"]
[WhiteElo "2298"]
[BlackElo "2393"]
[PlyCount "72"]
[EventDate "2009.10.18"]
[EventType "team-tourn"]
[EventRounds "9"]
[EventCountry "GER"]
[SourceTitle "EXT 2011"]
[Source "ChessBase"]
[SourceDate "2010.11.26"]
[SourceVersion "1"]
[SourceVersionDate "2010.11.26"]
[SourceQuality "1"]
[WhiteTeam "Zaehringen"]
[BlackTeam "Buchen"]
[WhiteTeamCountry "GER"]
[BlackTeamCountry "GER"]

1. Nf3 f5 2. g3 Nf6 3. Bg2 g6 4. 0-0 Bg7 5. c4 0-0 6. Nc3 d6 7. d4 Qe8 8. d5 Na6 9. Rb1 Nc5 10. b4 Nce4 11. Bb2 e5 12. dxe6 Nxc3 13. Bxc3 Bxe6 14. Rc1 c6 15. Qd3 h6 16. Nd2 Rd8 17. e4 Qf7 18. exf5 Bxf5 19. Qd4 a6 20. Nb3 Bg4 21. Na5 d5 22. cxd5 cxd5 23. Qb6 Rd7 24. Be5 d4 25. f3 Be6 26. Rfd1 d3 27. f4 Bd5 28. Bxf6 Bxf6 29. Bxd5 Qxd5 30. Nb3 Qf5 31. Qe3 Rfd8 32. Rc5 Qg4 33. Rd2 Re7 34. Qf2 Re2 35. Qf1 Rxd2 36. Nxd2 Bd4+ 0-1

[Event "Oberliga Baden 0809"]
[Site "Germany"]
[Date "2008.10.26"]
[Round "2.2"]
[White "Schulte, Torsten"]
[Black "Siegel, Georg"]
[Result "1/2-1/2"]
[WhiteElo "2200"]
[BlackElo "2297"]
[PlyCount "51"]
[EventDate "2008.10.05"]
[EventType "team-tourn"]
[EventRounds "9"]
[EventCountry "GER"]
[SourceTitle "EXT 2010"]
[Source "ChessBase"]
[SourceDate "2010.11.25"]
[SourceVersion "1"]
[SourceVersionDate "2010.11.25"]
[SourceQuality "1"]
[WhiteTeam "Eppingen II"]
[BlackTeam "Wiehre"]
[WhiteTeamCountry "GER"]
[BlackTeamCountry "GER"]

1. d4 f5 2. g3 g6 3. Bg2 Bg7 4. Nf3 Nf6 5. 0-0 0-0 6. c4 d6 7. Nc3 Qe8 8. d5 Na6 9. Nd4 Bd7 10. Rb1 c6 11. Re1 e5 12. dxe6 Bxe6 13. Nxe6 Qxe6 14. b3 Nc5 15. Bf4 Rad8 16. Qd2 Nfe4 17. Nxe4 Nxe4 18. Bxe4 fxe4 19. Kg2 d5 20. cxd5 Rxd5 21. Qc1 Bd4 22. Be3 Bxe3 23. Qxe3 Rh5 24. h4 c5 25. Rbc1 b6 26. Rc4 1/2-1/2

[Event "SUI-chT"]
[Site "Switzerland"]
[Date "2008.05.25"]
[Round "4.5"]
[White "Siegel, Georg"]
[Black "Kaenel, Hansjuerg"]
[Result "1/2-1/2"]
[WhiteElo "2353"]
[BlackElo "2358"]
[PlyCount "35"]
[EventDate "2008.03.02"]
[EventType "team-tourn"]
[EventRounds "9"]
[EventCountry "SUI"]
[SourceTitle "EXT 2009"]
[Source "ChessBase"]
[SourceDate "2008.11.26"]
[SourceVersion "1"]
[SourceVersionDate "2008.11.26"]
[SourceQuality "1"]
[WhiteTeam "Gligoric"]
[BlackTeam "Riehen"]
[WhiteTeamCountry "SUI"]
[BlackTeamCountry "SUI"]

1. Nf3 Nf6 2. c4 e6 3. Nc3 d5 4. d4 c6 5. Bg5 Nbd7 6. cxd5 exd5 7. e3 Be7 8. Bd3 0-0 9. Qc2 Re8 10. 0-0 Nf8 11. Rab1 a5 12. a3 h6 13. Bh4 Ne4 14. Bxe4 Bxh4 15. Bf5 Bf6 16. b4 axb4 17. axb4 b5 18. Ne2 1/2-1/2

[Event "SUI-chT"]
[Site "Switzerland"]
[Date "2007.09.30"]
[Round "9.5"]
[White "Huss, Andreas"]
[Black "Siegel, Georg"]
[Result "1-0"]
[WhiteElo "2353"]
[BlackElo "2387"]
[PlyCount "85"]
[EventDate "2007.02.25"]
[EventType "team-tourn"]
[EventRounds "9"]
[EventCountry "SUI"]
[SourceTitle "EXT 2008"]
[Source "ChessBase"]
[SourceDate "2007.11.25"]
[SourceVersion "1"]
[SourceVersionDate "2007.11.25"]
[SourceQuality "1"]
[WhiteTeam "Winterthur"]
[BlackTeam "Basel"]
[WhiteTeamCountry "SUI"]
[BlackTeamCountry "SUI"]

1. d4 d5 2. c4 e6 3. Nf3 Nf6 4. Nc3 Be7 5. Bg5 h6 6. Bh4 0-0 7. e3 b6 8. Qb3 Bb7 9. Bxf6 Bxf6 10. cxd5 exd5 11. Rd1 c6 12. Bd3 Nd7 13. 0-0 Re8 14. e4 dxe4 15. Nxe4 Nf8 16. Ne5 Ne6 17. Bc4 Qe7 18. f4 b5 19. Bxe6 Qxe6 20. Qxe6 Rxe6 21. Nc5 Re7 22. Ned7 Rd8 23. Nxf6+ gxf6 24. Rde1 Rxe1 25. Rxe1 Bc8 26. Kf2 Kf8 27. Ke3 Be6 28. Nxe6+ fxe6 29. Rc1 Rc8 30. g4 Kf7 31. Rc5 a5 32. b3 Kg6 33. Ke4 Kf7 34. f5 Ke7 35. fxe6 Kxe6 36. Kf4 Kd6 37. Kf5 Re8 38. h4 Re3 39. Kxf6 Re4 40. g5 hxg5 41. hxg5 Rxd4 42. Rf5 Re4 43. g6 1-0

[Event "SUI-chT"]
[Site "Switzerland"]
[Date "2007.09.02"]
[Round "7.6"]
[White "Siegel, Georg"]
[Black "Loetscher, Roland"]
[Result "1/2-1/2"]
[WhiteElo "2387"]
[BlackElo "2372"]
[PlyCount "65"]
[EventDate "2007.02.25"]
[EventType "team-tourn"]
[EventRounds "9"]
[EventCountry "SUI"]
[SourceTitle "EXT 2008"]
[Source "ChessBase"]
[SourceDate "2007.11.25"]
[SourceVersion "1"]
[SourceVersionDate "2007.11.25"]
[SourceQuality "1"]
[WhiteTeam "Basel"]
[BlackTeam "Luzern"]
[WhiteTeamCountry "SUI"]
[BlackTeamCountry "SUI"]

1. Nf3 c5 2. c4 g6 3. d4 cxd4 4. Nxd4 Nf6 5. Nc3 Nc6 6. e4 Nxd4 7. Qxd4 d6 8. Bg5 Bg7 9. Be2 0-0 10. Qd2 Be6 11. Rc1 Qa5 12. f3 Rfc8 13. b3 Rab8 14. Na4 Qxd2+ 15. Kxd2 Kf8 16. Be3 Ra8 17. Rhd1 Nd7 18. g4 f5 19. exf5 gxf5 20. h3 Kg8 21. Nc3 Rf8 22. Nb5 Bf7 23. Nd4 f4 24. Bf2 Bg6 25. Ne6 Bb2 26. Nxf8 Bxc1+ 27. Rxc1 Kxf8 28. h4 h6 29. Bd3 Kf7 30. Bxg6+ Kxg6 31. Kd3 e5 32. Rd1 Kf7 33. Ke2 1/2-1/2

[Event "SUI-chT"]
[Site "Switzerland"]
[Date "2007.04.22"]
[Round "3.5"]
[White "Domont, Alexandre"]
[Black "Siegel, Georg"]
[Result "1-0"]
[WhiteElo "2321"]
[BlackElo "2387"]
[PlyCount "111"]
[EventDate "2007.02.25"]
[EventType "team-tourn"]
[EventRounds "9"]
[EventCountry "SUI"]
[SourceTitle "EXT 2008"]
[Source "ChessBase"]
[SourceDate "2007.11.25"]
[SourceVersion "1"]
[SourceVersionDate "2007.11.25"]
[SourceQuality "1"]
[WhiteTeam "Biel"]
[BlackTeam "Basel"]
[WhiteTeamCountry "SUI"]
[BlackTeamCountry "SUI"]

1. e4 c6 2. d4 d5 3. e5 c5 4. c4 cxd4 5. Nf3 Nc6 6. Nxd4 dxc4 7. Nxc6 Qxd1+ 8. Kxd1 bxc6 9. Bxc4 Bf5 10. Nd2 e6 11. Ke2 Ne7 12. Nf3 Be4 13. Be3 Nf5 14. Bf4 h6 15. h4 Be7 16. h5 Rb8 17. b3 Ba3 18. Bc1 Bc5 19. Bb2 Bd5 20. Rac1 Bb6 21. Bxd5 cxd5 22. g4 Ne7 23. Bd4 Kd7 24. Bxb6 Rxb6 25. Nd4 Rf8 26. f4 Rfb8 27. Rc2 Nc6 28. Nxc6 Rxc6 29. Rxc6 Kxc6 30. g5 d4 31. gxh6 gxh6 32. Rc1+ Kd5 33. Kf3 Rg8 34. Rc7 Rg1 35. Rd7+ Kc5 36. Rxa7 Rf1+ 37. Ke4 Re1+ 38. Kd3 Rd1+ 39. Kc2 Rf1 40. Rxf7 Kd5 41. Rd7+ Ke4 42. b4 Rf2+ 43. Kb3 d3 44. b5 Rf1 45. a4 Rb1+ 46. Kc3 Rc1+ 47. Kb4 Rb1+ 48. Kc5 Rc1+ 49. Kb6 Rc4 50. a5 Rd4 51. Rg7 d2 52. Rg1 d1Q 53. Rxd1 Rxd1 54. a6 Kd5 55. a7 Ra1 56. Kb7 1-0

[Event "Baden-ch"]
[Site "Oberwinden"]
[Date "2007.04.12"]
[Round "9"]
[White "Siegel, Georg"]
[Black "Rauch, Uwe"]
[Result "1-0"]
[WhiteElo "2364"]
[BlackElo "2201"]
[PlyCount "57"]
[EventDate "2007.04.06"]
[EventType "swiss"]
[EventRounds "11"]
[EventCountry "GER"]
[SourceTitle "CBM 117 Extra"]
[Source "ChessBase"]
[SourceDate "2007.05.09"]
[SourceVersion "1"]
[SourceVersionDate "2007.05.09"]
[SourceQuality "1"]

1. Nf3 Nf6 2. c4 g6 3. Nc3 Bg7 4. e4 d6 5. d4 0-0 6. Be2 c5 7. 0-0 Nc6 8. d5 Na5 9. a3 Qb6 10. Nd2 e6 11. Rb1 exd5 12. cxd5 Qc7 13. b4 cxb4 14. Nb5 Qe7 15. axb4 Nxe4 16. bxa5 a6 17. Nxe4 Qxe4 18. Bd3 Qh4 19. Nxd6 Bg4 20. Qa4 Be5 21. h3 g5 22. Nxb7 f5 23. Rb4 f4 24. Bxf4 Bc3 25. Bg3 Qh5 26. Rc4 Bxh3 27. Rxc3 Bxg2 28. Kxg2 Rab8 29. Rc6 1-0

[Event "SUI-chT"]
[Site "Switzerland"]
[Date "2007.03.24"]
[Round "1.6"]
[White "Gruenenwald, Joerg"]
[Black "Siegel, Georg"]
[Result "0-1"]
[WhiteElo "2348"]
[BlackElo "2387"]
[PlyCount "51"]
[EventDate "2007.02.25"]
[EventType "team-tourn"]
[EventRounds "9"]
[EventCountry "SUI"]
[SourceTitle "CBM 117 Extra"]
[Source "ChessBase"]
[SourceDate "2007.05.09"]
[SourceVersion "1"]
[SourceVersionDate "2007.05.09"]
[SourceQuality "1"]
[WhiteTeam "Zuerich"]
[BlackTeam "Basel"]
[WhiteTeamCountry "SUI"]
[BlackTeamCountry "SUI"]

1. d4 d6 2. e4 Nf6 3. f3 d5 4. e5 Nfd7 5. f4 c5 6. Nf3 Nc6 7. Be3 e6 8. c3 cxd4 9. cxd4 Nb6 10. Nbd2 a5 11. Be2 a4 12. 0-0 a3 13. b3 Bd7 14. Ne1 Nb4 15. Nd3 g6 16. Nf3 Be7 17. Nxb4 Bxb4 18. Bd2 Be7 19. Rc1 Nc8 20. Bd3 Na7 21. Qe1 Nc6 22. Qg3 Qb6 23. Kh1 0-0 24. Qh3 Nb4 25. Bb1 Rac8 26. Rcd1 0-1

[Event "Verbandsliga Sued Baden 0506"]
[Site "Germany"]
[Date "2006.04.09"]
[Round "8.1"]
[White "Buss, Ralph"]
[Black "Siegel, Georg"]
[Result "1-0"]
[WhiteElo "2350"]
[BlackElo "2316"]
[PlyCount "75"]
[EventDate "2005.10.16"]
[EventType "team"]
[EventRounds "9"]
[EventCountry "GER"]
[SourceTitle "EXT 2007"]
[Source "ChessBase"]
[SourceDate "2006.11.23"]
[SourceVersion "1"]
[SourceVersionDate "2006.11.23"]
[SourceQuality "1"]
[WhiteTeam "Horben"]
[BlackTeam "Zaehringen"]
[WhiteTeamCountry "GER"]
[BlackTeamCountry "GER"]

1. d4 Nf6 2. c4 e6 3. Nc3 Bb4 4. Qc2 0-0 5. a3 Bxc3+ 6. Qxc3 b6 7. Nf3 Ne4 8. Qc2 Bb7 9. e3 d6 10. Be2 Nd7 11. 0-0 f5 12. b4 Rf6 13. d5 e5 14. Nh4 g6 15. f3 Ng5 16. f4 Ne4 17. Bb2 c6 18. dxc6 Bxc6 19. Nf3 Qe7 20. Rad1 Re8 21. Rfe1 Rff8 22. c5 bxc5 23. fxe5 Nxe5 24. bxc5 Nxf3+ 25. gxf3 Qg5+ 26. Kf1 d5 27. Qd3 f4 28. Qd4 Rf6 29. exf4 Qxf4 30. Kg1 Qg5+ 31. Kh1 Ng3+ 32. hxg3 Qxg3 33. Qg1 Qh3+ 34. Qh2 Qxh2+ 35. Kxh2 Rfe6 36. Rd2 a6 37. Kg3 R8e7 38. Kf2 1-0

[Event "Verbandsliga Sued Baden 0506"]
[Site "Germany"]
[Date "2006.02.05"]
[Round "6.1"]
[White "Pikula, Dejan"]
[Black "Siegel, Georg"]
[Result "1/2-1/2"]
[WhiteElo "2499"]
[BlackElo "2316"]
[PlyCount "66"]
[EventDate "2005.10.16"]
[EventType "team"]
[EventRounds "9"]
[EventCountry "GER"]
[SourceTitle "EXT 2007"]
[Source "ChessBase"]
[SourceDate "2006.11.23"]
[SourceVersion "1"]
[SourceVersionDate "2006.11.23"]
[SourceQuality "1"]
[WhiteTeam "Dreisamtal"]
[BlackTeam "Zaehringen"]
[WhiteTeamCountry "GER"]
[BlackTeamCountry "GER"]

1. e4 d5 2. exd5 Qxd5 3. Nc3 Qa5 4. d4 c6 5. Nf3 Nf6 6. Bd2 Bg4 7. Ne4 Qc7 8. Nxf6+ gxf6 9. g3 Nd7 10. h3 Bh5 11. Bg2 0-0-0 12. 0-0 e5 13. g4 Bg6 14. dxe5 fxe5 15. Nh4 Nc5 16. Nxg6 hxg6 17. Qe1 Ne6 18. Ba5 b6 19. Bc3 Bg7 20. Rd1 Rxd1 21. Qxd1 Nf4 22. Qf3 f5 23. gxf5 gxf5 24. Bd2 Bh6 25. Bxf4 Bxf4 26. Qxc6 Qxc6 27. Bxc6 Rxh3 28. Rd1 Rh7 29. Bd5 Rh6 30. Bc4 Rc6 31. Bb3 Kc7 32. Kg2 Rg6+ 33. Kf1 Rd6 1/2-1/2

[Event "Verbandsliga Sued Baden 0506"]
[Site "Germany"]
[Date "2005.11.13"]
[Round "2.1"]
[White "Siegel, Georg"]
[Black "Marzolf, Bruno"]
[Result "1-0"]
[WhiteElo "2316"]
[BlackElo "2261"]
[PlyCount "83"]
[EventDate "2005.10.16"]
[EventType "team"]
[EventRounds "9"]
[EventCountry "GER"]
[SourceTitle "EXT 2007"]
[Source "ChessBase"]
[SourceDate "2006.11.23"]
[SourceVersion "1"]
[SourceVersionDate "2006.11.23"]
[SourceQuality "1"]
[WhiteTeam "Zaehringen"]
[BlackTeam "Kehl"]
[WhiteTeamCountry "GER"]
[BlackTeamCountry "GER"]

1. Nf3 Nc6 2. d4 d5 3. c4 Bg4 4. Nc3 e6 5. Bg5 Be7 6. Bxe7 Ngxe7 7. e3 0-0 8. Bd3 h6 9. 0-0 Qd6 10. a3 Rfd8 11. h3 Bh5 12. cxd5 exd5 13. b4 a6 14. Be2 Nc8 15. Na4 Qf6 16. Nc5 Nd6 17. Rc1 Bxf3 18. Bxf3 Ne7 19. g3 c6 20. Bg2 Nef5 21. Qd3 a5 22. b5 b6 23. Na4 Nxb5 24. Nxb6 Rab8 25. Na4 Ne7 26. Rc5 Qd6 27. Rfc1 Rb7 28. R1c2 Ra8 29. Rb2 Rab8 30. Kh2 Kh8 31. Nc3 Nxa3 32. Rxb7 Rxb7 33. Nxd5 cxd5 34. Qxa3 Rb5 35. Qc3 Rxc5 36. dxc5 Qa6 37. Qe5 Qb7 38. e4 dxe4 39. Bxe4 Qd7 40. Qd6 Qa7 41. Qd8+ Ng8 42. c6 1-0

[Event "SUI-chT"]
[Site "Switzerland"]
[Date "2005.05.22"]
[Round "4.3"]
[White "Siegel, Georg"]
[Black "Jenni, Florian"]
[Result "0-1"]
[WhiteElo "2389"]
[BlackElo "2504"]
[PlyCount "70"]
[EventDate "2005.02.27"]
[EventType "team-tourn"]
[EventRounds "9"]
[EventCountry "SUI"]
[SourceTitle "EXT 2006"]
[Source "ChessBase"]
[SourceDate "2005.11.24"]
[SourceVersion "1"]
[SourceVersionDate "2005.11.24"]
[SourceQuality "1"]
[WhiteTeam "Riehen"]
[BlackTeam "Zuerich"]
[WhiteTeamCountry "SUI"]
[BlackTeamCountry "SUI"]

1. Nf3 Nf6 2. c4 g6 3. Nc3 Bg7 4. e4 0-0 5. d4 d6 6. Be2 e5 7. 0-0 Nc6 8. d5 Ne7 9. Nd2 a5 10. Rb1 Bd7 11. b3 c6 12. dxc6 bxc6 13. a3 d5 14. b4 axb4 15. axb4 Be6 16. b5 d4 17. Na4 cxb5 18. cxb5 d3 19. Bf3 Qd4 20. Nb2 Rfd8 21. Nbc4 Bxc4 22. Rb4 Rdc8 23. Bb2 Qc5 24. Rxc4 Qxb5 25. Rxc8+ Rxc8 26. Qa1 Nd7 27. Rd1 Rc2 28. Qa8+ Bf8 29. Bc1 Nb6 30. Qb7 Qc5 31. Ba3 Qxa3 32. Qxb6 Nc6 33. Nf1 Bc5 34. Qc7 Rxf2 35. Kh1 Qa4 0-1

[Event "SUI-chT"]
[Site "Switzerland"]
[Date "2004.09.05"]
[Round "7.3"]
[White "Siegel, Georg"]
[Black "Lekic, Dusan"]
[Result "1-0"]
[WhiteElo "2419"]
[BlackElo "2389"]
[PlyCount "79"]
[EventDate "2004.02.29"]
[EventType "team-tourn"]
[EventRounds "9"]
[EventCountry "SUI"]
[SourceTitle "EXT 2005"]
[Source "ChessBase"]
[SourceDate "2004.11.15"]
[SourceVersion "1"]
[SourceVersionDate "2004.11.15"]
[SourceQuality "1"]
[WhiteTeam "Riehen"]
[BlackTeam "Sorab"]
[WhiteTeamCountry "SUI"]
[BlackTeamCountry "SUI"]

1. Nf3 c5 2. c4 Nc6 3. d4 cxd4 4. Nxd4 Nf6 5. Nc3 e6 6. Ndb5 d5 7. Bf4 e5 8. cxd5 exf4 9. dxc6 bxc6 10. Qxd8+ Kxd8 11. Nd4 Bd7 12. g3 fxg3 13. hxg3 Rb8 14. 0-0-0 Kc7 15. Bh3 Bxh3 16. Rxh3 Bb4 17. Rd3 Rhe8 18. Rh4 Ba5 19. Rf4 Rbd8 20. Kc2 Re5 21. e3 Rd7 22. Nf3 Ree7 23. Rxd7+ Rxd7 24. b4 Bb6 25. Rc4 Kd6 26. a4 a5 27. bxa5 Bxa5 28. Nd4 c5 29. Nf5+ Kc6 30. Nxg7 Nd5 31. Nxd5 Rxd5 32. Rf4 Rd2+ 33. Kc1 Ra2 34. Kb1 Re2 35. Nf5 Kd5 36. Ne7+ Kd6 37. Nf5+ Kd5 38. Kc1 Be1 39. Kd1 Rxf2 40. Kxe1 1-0

[Event "Illkirch Graffenstaden op"]
[Site "Illkirch Graffenstaden"]
[Date "2004.07.12"]
[Round "5"]
[White "Schall, Denis"]
[Black "Siegel, Georg"]
[Result "0-1"]
[WhiteElo "2076"]
[BlackElo "2390"]
[PlyCount "80"]
[EventDate "2004.07.10"]
[EventType "swiss"]
[EventRounds "9"]
[EventCountry "FRA"]
[SourceTitle "EXT 2005"]
[Source "ChessBase"]
[SourceDate "2004.11.15"]
[SourceVersion "1"]
[SourceVersionDate "2004.11.15"]
[SourceQuality "1"]

1. e4 c5 2. Nf3 Nc6 3. d4 cxd4 4. Nxd4 Nf6 5. Nc3 d6 6. Be2 e6 7. Be3 Be7 8. 0-0 a6 9. Qd2 Qc7 10. f4 0-0 11. Kh1 Bd7 12. Rad1 b5 13. a3 Rfd8 14. Qe1 Rab8 15. Qg3 b4 16. axb4 Rxb4 17. b3 Na7 18. Bc1 Nc6 19. Nxc6 Bxc6 20. e5 dxe5 21. Rxd8+ Qxd8 22. fxe5 Nd7 23. Bf4 a5 24. Bd3 Nf8 25. Be3 Bh4 26. Qh3 Nd7 27. Bf4 Nc5 28. Bc4 Be7 29. Be3 Qa8 30. Na2 Rb8 31. Nc3 Rd8 32. Qg3 Qb8 33. Qf2 Qb7 34. Qxf7+ Kh8 35. Qf2 Nd7 36. Bxe6 Rf8 37. Qe2 Bxg2+ 38. Qxg2 Rxf1+ 39. Bg1 Rxg1+ 40. Kxg1 Qb6+ 0-1

[Event "SUI-chT"]
[Site "Switzerland"]
[Date "2004.05.02"]
[Round "4.2"]
[White "Siegel, Georg"]
[Black "Jenni, Florian"]
[Result "1/2-1/2"]
[WhiteElo "2415"]
[BlackElo "2518"]
[PlyCount "142"]
[EventDate "2004.02.29"]
[EventType "team-tourn"]
[EventRounds "9"]
[EventCountry "SUI"]
[SourceTitle "EXT 2005"]
[Source "ChessBase"]
[SourceDate "2004.11.15"]
[SourceVersion "1"]
[SourceVersionDate "2004.11.15"]
[SourceQuality "1"]
[WhiteTeam "Riehen"]
[BlackTeam "Zuerich"]
[WhiteTeamCountry "SUI"]
[BlackTeamCountry "SUI"]

1. Nf3 Nf6 2. c4 b6 3. g3 Bb7 4. Bg2 c5 5. Nc3 e6 6. 0-0 Be7 7. Re1 d5 8. cxd5 Nxd5 9. e4 Nb4 10. d4 cxd4 11. Nxd4 N8c6 12. Be3 Nxd4 13. Bxd4 0-0 14. Re2 Nc6 15. Be3 Qxd1+ 16. Rxd1 Rfd8 17. Red2 Ne5 18. Bf4 Rxd2 19. Rxd2 Bf6 20. h4 h6 21. h5 Bc6 22. Ne2 Be8 23. Bxe5 Bxe5 24. f4 Bf6 25. e5 Rd8 26. Rc2 Be7 27. Bf3 Bc5+ 28. Kg2 f5 29. exf6 gxf6 30. Nc1 Kf7 31. Nb3 Ba4 32. Re2 Be7 33. Re4 Bb5 34. Rd4 Rc8 35. Rd1 Rc2+ 36. Rd2 Rxd2+ 37. Nxd2 Bb4 38. Ne4 f5 39. Nc3 Bxc3 40. bxc3 Ke7 41. Kf2 Kd6 42. Ke3 Bc4 43. a3 Bd5 44. Be2 Kc5 45. Kd2 Bc4 46. Bd1 Bd5 47. Be2 Bg2 48. g4 fxg4 49. Bxg4 Bd5 50. Be2 Be4 51. Ke3 Bc2 52. Kd2 Bf5 53. Ke3 Kd5 54. Kf3 e5 55. Ke3 Bc2 56. Bf3+ Ke6 57. Bg4+ Kf6 58. Bd7 Bd1 59. Be8 Ke6 60. Bg6 a5 61. Be8 Bg4 62. Bg6 Bf5 63. Be8 Ke7 64. Bb5 Kd6 65. Be2 Be6 66. Ke4 exf4 67. Kxf4 Kd5 68. Bd3 Bd7 69. Be2 Be8 70. Kf5 a4 71. Kf4 Bd7 1/2-1/2

[Event "Bodensee-Cup 10th"]
[Site "Germany"]
[Date "2004.05.??"]
[Round "?"]
[White "Siegel, Georg"]
[Black "Klundt, Klaus"]
[Result "1-0"]
[WhiteElo "2425"]
[BlackElo "2345"]
[PlyCount "71"]
[EventDate "2004.05.??"]
[EventType "team-tourn"]
[EventRounds "3"]
[EventCountry "GER"]
[SourceTitle "EXT 2007"]
[Source "ChessBase"]
[SourceDate "2006.11.23"]
[SourceVersion "1"]
[SourceVersionDate "2006.11.23"]
[SourceQuality "1"]

1. Nf3 Nf6 2. c4 g6 3. Nc3 Bg7 4. e4 d6 5. d4 0-0 6. Be2 e5 7. 0-0 Nc6 8. d5 Ne7 9. b4 Nh5 10. Re1 a5 11. bxa5 Rxa5 12. a4 Nf4 13. Bf1 Bg4 14. h3 Bxf3 15. Qxf3 f5 16. Bd2 b6 17. Nb5 Ra8 18. a5 fxe4 19. Qxe4 Nc8 20. axb6 Nxb6 21. Rxa8 Nxa8 22. g3 Nh5 23. Be3 Nf6 24. Qc2 Nb6 25. Bg2 Qd7 26. Rb1 Ra8 27. Nxc7 Qxc7 28. Rxb6 Bf8 29. Kh2 Nd7 30. Rc6 Qa5 31. Qd1 Re8 32. c5 Nxc5 33. Bxc5 dxc5 34. d6 c4 35. Qg4 e4 36. d7 1-0

[Event "Oberliga Baden 0304 "]
[Site "Germany"]
[Date "2004.04.25"]
[Round "9.1"]
[White "Schlindwein, Rolf"]
[Black "Siegel, Georg"]
[Result "1/2-1/2"]
[WhiteElo "2418"]
[BlackElo "2415"]
[PlyCount "27"]
[EventDate "2003.10.12"]
[EventType "team-tourn"]
[EventRounds "9"]
[EventCountry "GER"]
[SourceTitle "EXT 2006"]
[Source "ChessBase"]
[SourceDate "2005.11.24"]
[SourceVersion "1"]
[SourceVersionDate "2005.11.24"]
[SourceQuality "1"]
[WhiteTeam "Untergrombach"]
[BlackTeam "Freiburg"]
[WhiteTeamCountry "GER"]
[BlackTeamCountry "GER"]

1. e4 c5 2. Nc3 Nc6 3. g3 g6 4. d3 Bg7 5. Be3 d6 6. Qd2 Rb8 7. Bg2 b5 8. f4 b4 9. Nd1 Bb7 10. Nf3 Nf6 11. h3 0-0 12. g4 a5 13. f5 c4 14. Bh6 1/2-1/2

[Event "Oberliga Baden 0304 "]
[Site "Germany"]
[Date "2004.03.21"]
[Round "8.1"]
[White "Siegel, Georg"]
[Black "Doettling, Fabian"]
[Result "1/2-1/2"]
[WhiteElo "2415"]
[BlackElo "2532"]
[PlyCount "136"]
[EventDate "2003.10.12"]
[EventType "team-tourn"]
[EventRounds "9"]
[EventCountry "GER"]
[SourceTitle "EXT 2006"]
[Source "ChessBase"]
[SourceDate "2005.11.24"]
[SourceVersion "1"]
[SourceVersionDate "2005.11.24"]
[SourceQuality "1"]
[WhiteTeam "Freiburg"]
[BlackTeam "Baden Oos II"]
[WhiteTeamCountry "GER"]
[BlackTeamCountry "GER"]

1. Nf3 d5 2. d4 Nc6 3. c4 Bg4 4. Nc3 e6 5. Bg5 Be7 6. Bxe7 Ngxe7 7. e3 0-0 8. Bd3 Ng6 9. cxd5 exd5 10. h3 Bxf3 11. Qxf3 Nb4 12. Bb1 c6 13. h4 Re8 14. h5 Nf8 15. Rh3 Na6 16. Rg3 Qh4 17. Kd2 Nc7 18. Rg4 Qe7 19. Bd3 Rab8 20. Ne2 Nb5 21. Ng3 Nd6 22. Kc2 Nd7 23. Rh1 Nf6 24. Rf4 h6 25. Kb1 b6 26. Nf5 Nxf5 27. Rxf5 c5 28. g4 Ne4 29. Qf4 cxd4 30. exd4 Qb4 31. Rxf7 Qxd4 32. Rd1 Rf8 33. Qc7 Rxf7 34. Qxb8+ Rf8 35. Qb7 Rxf2 36. Bc2 Rd2 37. Rf1 Qc4 38. Qf7+ Kh8 39. Rc1 Qd4 40. g5 hxg5 41. Qe8+ Kh7 42. Qg6+ Kh8 43. h6 Rxc2 44. Qxg7+ Qxg7 45. hxg7+ Kxg7 46. Kxc2 Kf6 47. Kd3 Ke5 48. Rc7 Nc5+ 49. Ke2 a5 50. Rc6 Nd7 51. Rg6 g4 52. Rxg4 Kd6 53. Rg7 Ne5 54. Kd2 Kc5 55. Re7 Nc6 56. Rb7 a4 57. Kc3 b5 58. Rc7 Kb6 59. Rc8 Kb7 60. Rh8 Kb6 61. Rh4 Kc5 62. b4+ axb3 63. axb3 b4+ 64. Kd3 Na5 65. Kc2 Nc6 66. Rh8 Nd4+ 67. Kb2 Kb5 68. Rb8+ Kc5 1/2-1/2

[Event "FRA-chT2b 0304"]
[Site "France"]
[Date "2004.03.14"]
[Round "9"]
[White "Siegel, Georg"]
[Black "Dourerassou, Jonathan"]
[Result "1-0"]
[WhiteElo "2415"]
[BlackElo "2276"]
[PlyCount "91"]
[EventDate "2003.10.??"]
[EventType "team"]
[EventRounds "11"]
[EventCountry "FRA"]
[SourceTitle "EXT 2005"]
[Source "ChessBase"]
[SourceDate "2004.11.15"]
[SourceVersion "1"]
[SourceVersionDate "2004.11.15"]
[SourceQuality "1"]

1. Nf3 Nf6 2. c4 c5 3. Nc3 d5 4. cxd5 Nxd5 5. d4 Nxc3 6. bxc3 Qa5 7. Bd2 g6 8. e4 Bg7 9. Bc4 0-0 10. Rb1 Qc7 11. Rc1 Nc6 12. h3 e6 13. Be3 Na5 14. Bd3 b6 15. Qd2 Bb7 16. Bf4 Qd7 17. 0-0 Rad8 18. Bg5 f6 19. Bh6 f5 20. Rfe1 fxe4 21. Bxg7 Rxf3 22. Bxe4 Bxe4 23. Rxe4 Rf5 24. Bh6 Nc6 25. Qe3 cxd4 26. cxd4 Nxd4 27. Bg5 Ne2+ 28. Qxe2 Rxg5 29. Rxe6 Rd5 30. Rcc6 Rd2 31. Qe5 Rd5 32. Qf4 Rf8 33. Rxg6+ hxg6 34. Rxg6+ Qg7 35. Qg4 Rd7 36. h4 Qxg6 37. Qxg6+ Rg7 38. Qe6+ Kh7 39. Qe4+ Kh8 40. h5 Rf6 41. g4 Rff7 42. h6 Rg8 43. Kg2 Rgf8 44. f3 b5 45. g5 Rxf3 46. Qd4+ 1-0